000 00497nam a2200193Ia 4500
008 240510s9999 xx 000 0 und d
020 _a0000201145405
041 _aEng
082 _a004.6
082 _bH14
100 _aHALSALL, , Fred
245 0 _aIntroduction to data communications and comptuer networks
260 _bWorkingham : Addison Wesley
260 _c1985
300 _a270 p.
650 _aComputer networks : Networks data transmission
942 _2ddc
942 _cLBK
999 _c24920
_d24920
945 _a1
_bMadushi Gamage
_c1
_dMadushi Gamage